Learning From Nature How to Design New Implantable Biomaterials : From Biomineralization Fundamentals to Biomimetic Materials and Processing Routes /

Guardado en:
Bibliografiske detaljer
Institution som forfatter: NATO Advanced Study Institute on Learning from Nature How to Design New Implantable Biomaterials: From Biomineralization Fundamentals to Biomimetic Minerals and Processing Routes ( Portugal)
Andre forfattere: Reis, Rui L. (edición) (edición), Weiner, Stephen (edición) (edición)
Format: Procedimiento de la conferencia Bog
Sprog:engelsk
Udgivet: Dordrecht, Holanda : Kluwer, 2002, c2002
Serier:(NATO Science. Series II : Mathematics, Physics and Chemistry ; 171)
Fag:
Tags: Tilføj Tag
Ingen Tags, Vær først til at tagge denne postø!

MARC

LEADER 00000nam^a2200000^a^4500
001 000191299
005 20250521000000.0
009 20260310102520.572
020 |a 1-4020-2647-1 
037 |a Acervo ITESO - Biblioteca 
041 |a ING 
082 |a 610. 28  |b NATO 2003 
111 |a NATO Advanced Study Institute on Learning from Nature How to Design New Implantable Biomaterials: From Biomineralization Fundamentals to Biomimetic Minerals and Processing Routes (  |d 2003 :  |c Portugal) 
245 1 0 |a Learning From Nature How to Design New Implantable Biomaterials :  |b From Biomineralization Fundamentals to Biomimetic Materials and Processing Routes /  |c Ed. de R.L. Reis, S. Weiner. 
264 4 |a Dordrecht, Holanda :  |b Kluwer,  |c 2002, c2002 
300 |a XV, 233 p. 
336 |a texto  |b txt  |2 rdacontenido 
337 |a sin mediación  |b n  |2 rdamedio 
338 |a volumen  |b nc  |2 rdasoporte 
440 1 |a (NATO Science.  |p Series II : Mathematics, Physics and Chemistry ;  |v 171) 
649 |a XX 
650 |a Materiales Biomédicos -  |x Congresos -  |x Tema Principal 
650 |a Minerales en el Cuerpo 
650 |a Biomoléculas 
650 |a Materiales Cerámicos 
650 |a Ingeniería Biomédica -  |x Congresos -  |x Tema Principal 
700 |a Reis, Rui L.  |e (edición) 
700 |a Weiner, Stephen  |e (edición) 
910 |a Fondo General 
920 |a Impresos - Libros 
930 |a Colección General 
905 |a 101 
901 |a 0500134597  |b IT1  |c ACC  |u 20250521 
902 |a https://opac.biblio.iteso.mx/vufind/Record/000191299